Las virtudes fundamentales
Kaydedildi:
| Yazar: | |
|---|---|
| Materyal Türü: | Kitap |
| Dil: | İspanyolca |
| Baskı/Yayın Bilgisi: |
Madrid
Ediciones Rialp S. A
1998
|
| Edisyon: | 6a. ed |
| Konular: | |
| Etiketler: |
Etiketle
Etiket eklenmemiş, İlk siz ekleyin!
|
MARC
| LEADER | 00000cam a2200000 a 4500 | ||
|---|---|---|---|
| 001 | UCE7027 | ||
| 003 | CL-VaPUC | ||
| 008 | 150520e19980000sp |||||||||||||||||spa|d | ||
| 020 | |a 8432131342 | ||
| 082 | 0 | 4 | |a 179.9 |b PIE |2 21 |
| 100 | |a Pieper, Josef |e autor |9 520990 | ||
| 245 | 1 | 4 | |a Las virtudes fundamentales |
| 250 | |a 6a. ed | ||
| 300 | |a 572 p | ||
| 942 | |c BK | ||
| 945 | |d 20150520 16:51:00 |a dcastane | ||
| 260 | |a Madrid |b Ediciones Rialp S. A |c 1998 | ||
| 650 | 0 | |a Virtud y vicio |9 310637 | |
| 650 | 0 | |a Teología moral |9 256617 | |
| 650 | 0 | |a Ética |9 255099 | |
| 650 | 0 | |a Comportamiento moral |9 334569 | |
| 583 | |a last modification |c 20150520 16:51:00 |k Rodrigo Vera | ||
| 999 | |c 359172 |d 359170 | ||
| 952 | |0 0 |1 0 |3 erb |4 0 |6 179_900000000000000_PIE_1998 |7 0 |8 A |9 468243 |a BIBTEO |b BIBTEO |e Casale Rolle, Carlos Ignacio, -2014 |i 5173779 |l 2 |m 7 |o 179.9 PIE 1998 |p 5173779 |r 2025-01-17 |s 2023-08-29 |w 2019-11-23 |y BK |z Catalogado en:20150520 |k ICR | ||